• 首页
  • 本馆介绍
  • 公告通知
  • 最新文献
  • 馆藏检索
  • 电子资源
  • 读者导购
  • 参考咨询
  • 我的图书馆
  • 登录
  • 详细信息显示
  • 放入我的书架
  • 预约/预借图书
  • 作者相关作品
  • 分类相关作品
  • 丛书相关作品
  • 出版社相关作品

书目信息

  • 表格格式
  • 工作单格式
  • 卡片格式
题名:
非线性动力学
    
 
作者: 谢建华 , 乐源 , 李登辉 编著
分册:  
出版信息: 北京   科学出版社  2018
页数: 338页
开本: 26cm
丛书名:
单 册:
中图分类: O322
科图分类:
主题词: 非线性力学--Fei Xian Xing Li Xue--动力学--高等学校--教材
电子资源:
ISBN: 978-7-03-058004-7
000 01104cam0 2200277 450
001 012001001222
005 20131107163203.0
010    @a978-7-03-058004-7@dCNY129.00
099    @aCAL 012018191783
100    @a20181212d2018 ekmy0chiy50 ea
101 0  @achi
102    @aCN@b110000
105    @aak a 000yy
106    @ar
200 1  @a非线性动力学@AFei Xian Xing Dong Li Xue@f谢建华, 乐源, 李登辉编著
210    @a北京@c科学出版社@d2018
215    @a338页@c图@d26cm
320    @a有书目 (第336-338页)
330    @a从动力系统基本概念开始,介绍平衡点和不动点的稳定性,在此基础上,重点讨论平衡点、不动点和周期解的主要分岔模式。本书对全局动力学讨论的内容主要有:Melnikov方法、Smale马蹄理论,以及几个著名奇异吸引子的数学结构,并对这些理论在机械系统的最新应用成果作了详尽介绍。另外本书还附有Matlab程序,以方便读者。
606 0  @a非线性力学@AFei Xian Xing Li Xue@x动力学@x高等学校@j教材
690    @aO322@v5
701  0 @a谢建华@AXie Jian Hua@4编著
701  0 @a乐源@ALe Yuan@4编著
701  0 @a李登辉@ALi Deng Hui@4编著
801  0 @aCN@b北京卓展@c20191020
905    @b1197781-4@dO322@e23@f4
    
    非线性动力学/谢建华, 乐源, 李登辉编著.-北京:科学出版社,2018
    338页:图;26cm
    
    
    ISBN 978-7-03-058004-7:CNY129.00
    从动力系统基本概念开始,介绍平衡点和不动点的稳定性,在此基础上,重点讨论平衡点、不动点和周期解的主要分岔模式。本书对全局动力学讨论的内容主要有:Melnikov方法、Smale马蹄理论,以及几个著名奇异吸引子的数学结构,并对这些理论在机械系统的最新应用成果作了详尽介绍。另外本书还附有Matlab程序,以方便读者。
●
相关链接 在E读中查询图书 在五车中查询图书 在当当中查询图书 在豆瓣中查询图书


正题名:非线性动力学     索取号:O322/23         预约/预借

序号 登录号 条形码 馆藏地/架位号 状态 备注
1 1197781   211977814   第二样本阅览室/ [索取号:O322/23] 在馆    
2 1197782   211977823   第三借阅区/ [索取号:O322/23] 在馆    
3 1197783   211977832   第三借阅区/ [索取号:O322/23] 在馆    
4 1197784   211977841   第三借阅区/ [索取号:O322/23] 在馆    
唐山师范学院图书馆 欢迎您!
大连网信软件有限公司© 版权所有